00971 2200313 4500001002100000005001700021008004100038020002200079035002400101040001200125041000800137082001700145084001700162090001700179100003600196245015000232250001100382260003300393300003200426504002600458650003600484650003200520650001200552700002800564700001700592850001200609990001800621990001800639INLIS00000000003042820170911093305.0  a978-979-002-548-6 0010-081700000000634 aYOPDYOG0 aind042[23]a635.61 a635.61 Hen T a635.61 Hen T0 aHENDRO SUNARJONOc, H.d, 1932-1 aTimun suri & blewahb: kandungan & khasiat, kumpulan resep minuman, panduan bertanamc/ H. Hendro Sunarjono, Rita Ramayulis; editor, Sony Nugroho aCet. 1 aDepokbPenebar Swadayac2012 a100 hlm.b: ilus.c; 23 cm. aBibliografi : hlm. 99 4aTimun suri (Buah)xPemeliharaan 4aBlewah (Buah)xPemeliharaan 4aMinuman0 aRita Ramayulisd, 1971-0 aSony Nugroho aYOPDYOG a56117-PD/A.17 a56118-PD/A.17